Buchmalerei
| Main Author: | |
|---|---|
| Format: | Book |
| Language: | Undetermined |
| PhysicalDescription: | 76 s. |
| Published: |
München
Buch-Kunstverlag Ettal
1971
|
MARC
| LEADER | 00000nam a2200000 a 4500 | ||
|---|---|---|---|
| 001 | vtls001370004 | ||
| 003 | SK-MaSNL | ||
| 005 | 20260301201308.0 | ||
| 008 | 240316s1971 xx 0 und | ||
| 035 | |a SNK000323759 | ||
| 040 | |a SNK |b slo |c SNK |e AACR2 | ||
| 100 | 1 | |a Ingeborg, Uhl |4 aut |9 581682 | |
| 245 | 1 | |a Buchmalerei | |
| 260 | |a München |b Buch-Kunstverlag Ettal |c 1971 | ||
| 300 | |a 76 s. | ||
| 958 | |a OND | ||
| 999 | |c 894136 |d 896066 | ||
| 952 | |t P60, <04>, [BOOK], {604} |a SNK |b SNK |y VYP |7 0 |p 17A0206831 |o snkID 60935 |0 0 |1 0 |4 0 |d 1999-08-11 |l 0 |r 2005-01-02 00:00:00 |w 2026-02-24 | ||


